=LDR 00000nam 2200000 4500 =001 INLIS000000000023480 =005 20130612122136 =008 ***********************************Ind** =035 ##$$0010-061300000023480 =041 ##$$a Ind =082 ##$$a 646.7 =090 ##$$a 646.7, Dar-a =100 ##$$a Darmohusodo, Georgeus Pong Permadi =245 ##$$a Anatomi =260 ##$$a Karya Utama $b Jakarta =300 ##$$a x,240 hlm., ilus, 21 cm =650 ##$$a Anatomi dan Fisiologi =850 ##$$a NBPNMAT